000 00285nam a22001337a 4500
008 181107b xxu||||| |||| 00| 0 eng d
020 _a9780534085261
041 _aeng
080 _23 TH
_a101
100 _a21
101 _aFIL
245 _aPhiloosphy
_cMnauel.V
942 _2udc
_cBK
999 _c52192
_d52192